000 00191nam a2200073Ia 4500
008 170523s9999 xx 000 0 und d
100 _aMiglani- Seema
245 0 _aCommunication Skills - 1
260 _aVayu Education of India
999 _c12349
_d12349